00810nam a22001817a 4500003000900000008004100009040007100050082001800121100002400139110004000163245010100203260004800304300002600352505017000378650002200548650002600570650003200596AR-CdUCM190227b           ||||| |||| 00| 0 spa d  aMUNICIPALIDAD PROVINCIAL DEL CUSCOcBIBLIOTECA MUNICIPAL DEL CUSCO  a301.37 /bC29  a De Castro, Josué  aSeminario de estudios americanistas  aGeopolítica del hambre :bEnsayo sobre los problemas alimentarios y demográficos del mundo /  aBuenos Aires :bEds. Solar Hachette;c1975.  a409 paginas ;c21 cm.  aContenido : El fenómeno universal del hambre -- Los matices del hambre --Distribución regional del hambre --El hambre en la vieja Asia --La Europa famélica ...  aAspectos sociales  aAspectos económicos  aAbastecimiento de alimentos